Normal view
MARC view
- Automatic control
Entry Topical Term
001 - CONTROL NUMBER
- control field: 84590
003 - CONTROL NUMBER IDENTIFIER
- control field: NUST
005 - DATE AND TIME OF LATEST TRANSACTION
- control field: 20211119114849.0
008 - FIXED-LENGTH DATA ELEMENTS
- fixed length control field: 211119|| aca||aabn | a|a d
040 ## - CATALOGING SOURCE
- Original cataloging agency: NUST
- Transcribing agency: NUST
150 ## - HEADING--TOPICAL TERM
- Topical term or geographic name entry element: Automatic control
670 ## - SOURCE DATA FOUND
- Source citation: Work cat.: (NUST)31838: Leigh, J. R. (James R.) 84585, Control Theory /, c2004.
